Loreto College Library, Kolkata
WEBOPAC (ONLINE PUBLIC ACCESS CATALOGUE)

China Russia India relations in 21st century (Record no. 43520)

MARC details
000 -LEADER
fixed length control field 00319nam a22001337a 4500
005 - DATE AND TIME OF LATEST TRANSACTION
control field 20230818113607.0
008 - FIXED-LENGTH DATA ELEMENTS--GENERAL INFORMATION
fixed length control field 230818b |||||||| |||| 00| 0 eng d
040 ## - CATALOGING SOURCE
Original cataloging agency Loreto college
041 ## - LANGUAGE CODE
Language code English
082 ## - DDC | ডিউই
Classification number | বর্গসংখ্যা 327
Book Number | গ্রন্থাঙ্ক YAD
245 ## - TITLE STATEMENT | অাখ্যা বিবরণী
Title | অাখ্যা China Russia India relations in 21st century
850 ## - HOLDING INSTITUTION
Holding institution LCLIB
942 ## - ADDED ENTRY ELEMENTS (KOHA)
Koha item type Books
Holdings
Withdrawn status Lost status Source of classification Damaged status Not for loan Home library Current library Date acquired Total Checkouts Full call number Accession No. Date last seen Price effective from Koha item type Coded location qualifier
    Dewey Decimal Classification     Loreto College Loreto College 18/08/2023   327 YAD 53578 47642 18/08/2023 18/08/2023 Books